000
00257nam a22000977a 4500
999
_c
11253
_d
11253
008
181204b ||||| |||| 00| 0 eng d
020
_a
9780751547733
100
_a
Nadal Rafael
_9
7001
245
_a
Rafa My Story
260
_a
Little Brown Book Group
_b
London
_c
2011